Thomas Kuhn esete a filozófiai közhangulattal
Elmentve itt :
| Szerző: | |
|---|---|
| Adatforrás: | Philobibl |
| Forrásdokumentuma: | Kellék 2012:47. p. 23-32. |
| Dokumentumtípus: | Cikk |
| Nyelv: | magyar |
| Kulcsszavak: | Kuhn, Thomas tudományelmélet tudomány tudásszociológia filozófia |
| Online elérés: | szabadon hozzáférhető |
| LEADER | 00556nab a2200169 c 4500 | ||
|---|---|---|---|
| 001 | bibPHI00000082 | ||
| 005 | 20211223101237.3 | ||
| 008 | 211223s2012 rm 00010 hun d | ||
| 100 | 1 | |a Békés Vera | |
| 245 | 1 | 0 | |a Thomas Kuhn esete a filozófiai közhangulattal |c Békés Vera |
| 695 | |a Kuhn, Thomas | ||
| 695 | |a tudományelmélet | ||
| 695 | |a tudomány | ||
| 695 | |a tudásszociológia | ||
| 695 | |a filozófia | ||
| 773 | 0 | |t Kellék |g 2012:47. p. 23-32. | |
| 856 | 4 | 1 | |3 Full text |u https://www.prophilosophia.ro/assets/files/kellek-47/002bekes.pdf |z szabadon hozzáférhető |